000 00448nam a22001817a 4500
003 MPLRDC
005 20220104114725.0
008 210129b ||||| |||| 00| 0 eng d
020 _a7-01-000344-0
082 _a191 WCH
100 _a王崇焕等主编
245 _a人生奥秘新探索: 人生学概论
_c
250 _a一版一刷
260 _a
_b人民出版社
_c1988
300 _b
650 _a人生哲学
942 _cBK
_o191 WCH
999 _c9734
_d9724